Pokémon Pokédex (0810-0905) vf - Statistiques

Statistiques générales
  • Ce quiz a été pris 7 fois
  • Le résultat moyen est 84 sur 96
Statistiques - réponses
Numéro Pokédex Type de quiz Pokémon % Correct
0861 Ténèbres + Fée Angoliath
100%
0817 Eau Arrozard
100%
0811 Plante Badabouin
100%
0873 Glace + Insecte Beldeneige
100%
0856 Psy Bibichut
100%
0822 Vol Bleuseille
100%
0857 Psy Chapotus
100%
0837 Roche Charbi
100%
0825 Insecte + Psy Coléodôme
100%
0864 Spectre Corayôme
100%
0823 Vol + Acier Corvaillus
100%
0842 Plante + Dragon Dratatin
100%
0844 Sol Dunaconda
100%
0884 Acier + Dragon Duralugon
100%
0846 Eau Embrochet
100%
0813 Feu Flambino
100%
0860 Ténèbres + Fée Fourbelin
100%
0881 Électrique + Glace Galvagla
100%
0812 Plante Gorythmic
100%
0859 Ténèbres + Fée Grimalin
100%
0862 Ténèbres + Normal Ixon
100%
0833 Eau Khélocrok
100%
0814 Feu Lapyro
100%
0816 Eau Larméléon
100%
0818 Eau Lézargus
100%
0821 Vol Minisange
100%
0832 Normal Moumouflon
100%
0831 Normal Moumouton
100%
0845 Vol + Eau Nigosier
100%
0810 Plante Ouistempo
100%
0815 Feu Pyrobut
100%
0849 Électrique + Poison Salarsen
100%
0834 Eau + Roche Torgamord
100%
0848 Électrique + Poison Toxizap
100%
0867 Sol + Spectre Tutétékri
100%
0840 Plante + Dragon Verpom
100%
0835 Électrique Voltoutou
100%
0838 Roche + Feu Wagomine
100%
0826 Insecte + Psy Astronelle
86%
0863 Acier Berserkatt
86%
0830 Plante Blancoton
86%
0896 Glace Blizzeval
86%
0843 Sol Dunaja
86%
0890 Poison + Dragon Éthernatos
86%
0872 Glace + Insecte Frissonille
86%
0836 Électrique Fulgudog
86%
0880 Électrique + Dragon Galvagon
86%
0827 Ténèbres Goupilou
86%
0847 Eau Hastacuda
86%
0870 Combat Hexadron
86%
0883 Eau + Glace Hydragla
86%
0882 Eau + Dragon Hydragon
86%
0887 Dragon + Spectre Lanssorien
86%
0824 Insecte Larvadar
86%
0866 Glace + Psy M. Glaquette
86%
0839 Roche + Feu Monthracite
86%
0877 Électrique + Ténèbres Morpeko
86%
0865 Combat Palarticho
86%
0855 Spectre Polthégeist
86%
0841 Plante + Dragon Pomdrapi
86%
0852 Combat Poulpaf
86%
0895 Dragon Regidrago
86%
0894 Électrique Regieleki
86%
0851 Feu + Insecte Scolocendre
86%
0858 Psy + Fée Sorcilence
86%
0897 Spectre Spectreval
86%
0898 Psy (+Plante ou Glace ou Spectre) Sylveroy
86%
0854 Spectre Théffroi
86%
0876 Psy + Normal Wimessir
86%
0891 Combat Wushours
86%
0888 Fée (+Acier) Zacian
86%
0889 Combat (+Acier) Zamazenta
86%
0905 Fée + Vol Amovénus
71%
0875 Glace Bekaglaçon
71%
0899 Normal + Psy Cerbyllin
71%
0878 Acier Charibari
71%
0869 Fée Charmilly
71%
0868 Fée Crèmy
71%
0886 Dragon + Spectre Dispareptil
71%
0874 Roche Dolman
71%
0885 Dragon + Spectre Fantyrm
71%
0903 Combat + Poison Farfurex
71%
0850 Feu + Insecte Grillepattes
71%
0900 Insecte + Roche Hachécateur
71%
0853 Combat Krakos
71%
0879 Acier Pachyradjah
71%
0902 Eau + Spectre Paragruel
71%
0904 Ténèbres + Poison Qwilpik
71%
0819 Normal Rongourmand
71%
0820 Normal Rongrigou
71%
0828 Ténèbres Roublenard
71%
0892 Combat (+ Ténèbres ou Eau) Shifours
71%
0829 Plante Tournicoton
71%
0901 Sol + Normal Ursaking
71%
0871 Électrique Wattapik
71%
0893 Ténèbres + Plante Zarude
71%
Aucun quiz correspondant
Distribution des résultats
% des personnes avec chaque résultat
Percentile par nombre de réponses
Votre historique - résultats
Vous n’avez pas pris ce quiz